| 000 | 00739nam a2200241u 4500 | ||
|---|---|---|---|
| 001 | 22985 | ||
| 003 | BD-RjUL | ||
| 005 | 20211209000858.0 | ||
| 008 | 140310s1925 enk 000 0 eng | ||
| 035 | _a(BD-RjUL)23050 | ||
| 040 |
_aDLC _cCarP _dDLC _dBD-RjUL _beng |
||
| 041 | _aeng | ||
| 082 | 0 | 0 |
_220 _a843 _bBAU 1925 |
| 100 | 1 |
_aBalzac, Honoré de, _d1799-1850. _970906 |
|
| 245 | 1 | 0 |
_aUrsule Mirouet / _c Honoré de Balzac. |
| 260 |
_aLondon ; _aToronto : _bJ.M. Dent & sons, ltd.; _aNew York : _bE.P. Dutton & co. _c1925. |
||
| 300 |
_axii, 259 p. ; _c18 cm. |
||
| 504 | _aIncludes bibliography. | ||
| 650 | 0 |
_aFrence fiction _vTranslations in English. _970907 |
|
| 942 |
_2ddc _cBK |
||
| 999 |
_c22985 _d22985 |
||